Travesías nocturnas : ensayos entre locura y santidad /
Tallennettuna:
| Päätekijä: | |
|---|---|
| Aineistotyyppi: | Elektroninen E-kirja |
| Kieli: | espanja |
| Julkaistu: |
Rubí, Barcelona : México [D.F.] :
Anthropos, Editorial ; Universidad Autónoma Metropolitana, Unidad Cuajimalpa,
2011.
|
| Painos: | 1. ed. |
| Sarja: | Pensamiento crítico/pensamiento utópico ;
202. |
| Aiheet: | |
| Linkit: | Digitalia Hispánica |
| Tagit: |
Lisää tagi
Ei tageja, Lisää ensimmäinen tagi!
|
MARC
| LEADER | 00000nam a2200000Ii 4500 | ||
|---|---|---|---|
| 001 | DIGANT0249 | ||
| 003 | NyNyDIG | ||
| 006 | m o d | ||
| 007 | cr ||||||||||| | ||
| 008 | 120901s2011 sp ob 000 0 spa d | ||
| 020 | |z 9788415260080 | ||
| 020 | |z 8415260083 | ||
| 035 | |a (OCoLC)888254270 | ||
| 040 | |a DGITA |b eng |e pn |c DGITA | ||
| 050 | 1 | 4 | |a BF173 eBook |
| 100 | 1 | |a Yébenes, Zenia. | |
| 245 | 1 | 0 | |a Travesías nocturnas : |b ensayos entre locura y santidad / |c Zenia Yébenes. |
| 250 | |a 1. ed. | ||
| 264 | 1 | |a Rubí, Barcelona : |b Anthropos, Editorial ; |a México [D.F.] : |b Universidad Autónoma Metropolitana, Unidad Cuajimalpa, |c 2011. | |
| 300 | |a 1 online resource (205 pages) | ||
| 336 | |a text |b txt |2 rdacontent | ||
| 337 | |a computer |b c |2 rdamedia | ||
| 338 | |a online resource |b cr |2 rdacarrier | ||
| 490 | 1 | |a Pensamiento crítico/pensamiento utópico ; |v 202 | |
| 504 | |a Includes bibliographical references (p. 197-205). | ||
| 650 | 0 | |a Mysticism | |
| 650 | 0 | |a Psychology and religion. | |
| 655 | 0 | |a Electronic books. | |
| 791 | 2 | |a Digitalia (Firm), |e distributor. | |
| 830 | 0 | |a Pensamiento crítico/pensamiento utópico ; |v 202. | |
| 793 | 0 | |g Digitalia eBook Collection: |a Anthropos | |
| 856 | 4 | 0 | |3 Digitalia Hispánica |u https://digitalia.unach.elogim.com/a/13395/ |
| 910 | |a Premium Collection: 2007-2012 | ||